000 00806nam a2200253 i 4500
001 bg
100 1 _aReński, Andrzej.
245 1 0 _aBudowa samochodów :
_bukłady hamulcowe i kierownicze oraz zawieszenia /
_cAndrzej Reński.
250 _aWyd. 3 zm.
260 _aWarszawa :
_bOficyna Wydawnicza Politechniki Warszawskiej ;
_c2004.
300 _a208 s. :
_brys., wykr. ;
_c24 cm.
504 _aBibliogr. przy rozdz.
650 9 _aSamochody
_xbudowa i konstrukcje
655 _aPodręczniki akademickie
020 _a8372074515
040 _cBPK
041 0 _apol
044 _aPOL
080 _a629.33.02(075.8)
920 _a83-7207-451-8
942 _cKS
008 s pl f |000 0 pol
999 _c54409
_d54409
856 _uhttp://koha.tu.koszalin.pl/cgi-bin/koha/opac-detail.pl?biblionumber=54409
_yKatalog online BPK